000 00581nam a2200229Ia 4500
003 OSt
005 20220928102120.0
006 a|||||r|||| 00| 0
007 ta
008 220927b |||||||| |||| 00| 0 eng d
024 _a63014
037 _cTextual
040 _aSDCL
_cSDCL
_beng
041 _2eng
_aeng
082 _aO164,1E50x, 152K8
100 _aBachan
_9396689
245 0 _aKhyaam ki madhushala.
260 _aDelhi
_bRajpal
_c1968
300 _a143p.
_ccm.
942 _hO164,1E50x, 152K8
_cTEXL
_2CC
999 _c712444
_d712444